Témata, o kterých bude letos HR nejvíce mluvit

Prehľad najzásadnejších tém, ktoré by mali byť súčasťou strategických plánov v riadení ľudských zdrojov v roku 2017.

Enregistré dans:
Détails bibliographiques
Auteur principal: Červenková, Alena
Format: Chapitre de livre
Langue:tchèque
Sujets:
Tags: Ajouter un tag
Pas de tags, Soyez le premier à ajouter un tag!

MARC

LEADER 00000naa a2200000 4500
001 0226662
005 20170201135756.5
041 0 |a cze 
044 |a CZ 
245 1 0 |a Témata, o kterých bude letos HR nejvíce mluvit  |c Alena Červenková 
520 |a Prehľad najzásadnejších tém, ktoré by mali byť súčasťou strategických plánov v riadení ľudských zdrojov v roku 2017. 
610 2 0 |a riadenie ľudských zdrojov 
610 2 0 |a plánovanie strategické 
610 2 0 |a Česko 
100 1 |a Červenková, Alena